Hlavné nedostatky pri uplatňovaní manažérskych systémov

Pokračovanie článku z predchádzajúceho čísla o odhaľovaní nedostatkov, chýb a nezhôd, s ktorými sa možno stretnúť v manažérskych systémoch. Nestanovené alebo povrchne stanovené environmentálne aspekty a vplyvy.

Gespeichert in:
Bibliographische Detailangaben
1. Verfasser: Čollák, Mikuláš
Format: Buchkapitel
Sprache:Slowakisch
Schlagworte:
Tags: Tag hinzufügen
Keine Tags, Fügen Sie das erste Tag hinzu!

MARC

LEADER 00000naa a2200000 4500
001 0193530
005 20231012072506.5
041 0 |a slo 
044 |a SK 
245 1 0 |a Hlavné nedostatky pri uplatňovaní manažérskych systémov  |c Mikuláš Čollák 
520 |a Pokračovanie článku z predchádzajúceho čísla o odhaľovaní nedostatkov, chýb a nezhôd, s ktorými sa možno stretnúť v manažérskych systémoch. Nestanovené alebo povrchne stanovené environmentálne aspekty a vplyvy. 
610 2 0 |a manažment 
610 2 0 |a riadenie zmien 
610 2 0 |a riadenie rizík 
610 2 0 |a systémy riadenia 
610 2 0 |a manažment environmentálny 
610 2 0 |a bezpečnosť environmentálna 
610 2 0 |a normy ISO 
100 1 |a Čollák, Mikuláš